Love gathers all: (Record no. 2778)
[ view plain ]
| 000 -LEADER | |
|---|---|
| fixed length control field | 00509nam a22001457a 4500 |
| 008 - FIXED-LENGTH DATA ELEMENTS--GENERAL INFORMATION | |
| fixed length control field | 160526b xxu||||| |||| 00| 0 eng d |
| 020 ## - INTERNATIONAL STANDARD BOOK NUMBER | |
| International Standard Book Number | 9712711617 |
| 082 ## - DEWEY DECIMAL CLASSIFICATION NUMBER | |
| Edition number | 2002 |
| Classification number | DFil 899.2101 |
| Item number | L94 |
| 245 ## - TITLE STATEMENT | |
| Title | Love gathers all: |
| Remainder of title | The Philippines-Singapore anthology of love poetry/ |
| 260 ## - PUBLICATION, DISTRIBUTION, ETC. (IMPRINT) | |
| Place of publication, distribution, etc. | Pasig City: |
| Name of publisher, distributor, etc. | Anvil Publishing, Inc., |
| Date of publication, distribution, etc. | c2002. |
| 300 ## - PHYSICAL DESCRIPTION | |
| Extent | 208 pages: |
| Other physical details | illustrations; |
| Dimensions | 21 cm. |
| 650 #0 - SUBJECT ADDED ENTRY--TOPICAL TERM | |
| 9 (RLIN) | 9204 |
| Topical term or geographic name as entry element | Poetry |
| General subdivision | Collections |
| Geographic subdivision | Philippines |
| 650 #0 - SUBJECT ADDED ENTRY--TOPICAL TERM | |
| 9 (RLIN) | 9205 |
| Topical term or geographic name as entry element | Poetry |
| General subdivision | Collections |
| Geographic subdivision | Singapore |
| 942 ## - ADDED ENTRY ELEMENTS (KOHA) | |
| Source of classification or shelving scheme | Dewey Decimal Classification |
| Koha item type | Filipiniana |
| Withdrawn status | Lost status | Source of classification or shelving scheme | Damaged status | Not for loan | Collection code | Home library | Current library | Shelving location | Date acquired | Source of acquisition | Total Checkouts | Full call number | Barcode | Date last seen | Date last checked out | Copy number | Price effective from | Koha item type |
|---|---|---|---|---|---|---|---|---|---|---|---|---|---|---|---|---|---|---|
| Dewey Decimal Classification | Filipiniana | UM Digos College - LIC | UM Digos College - LIC | Book Cart | 10/14/2003 | Purchased | 3 | DFil 899.2101 L94 2002 | 16196 | 05/15/2025 | 02/09/2023 | 1 | 05/26/2016 | Filipiniana |
